000 00346nam a2200145Ia 4500
008 151213s9999 xx 000 0 und d
100 _aM. Crask
245 _aMarketing Research
_cM. Crask
260 _aNew Jersey
_bPrentic Hall
_c1994
300 _a2733 p.
650 _aMarketing
650 _aMarketing
700 _aM. Crask
999 _c1844
_d1844